000 00372 a2200169 4500
001 183113
020 _a85-7164-745-3
040 _cMagnum
100 _aBainbridge, Beryl
240 1 0 _aCada um por si
_lpor
245 1 0 _aCada um por si
300 _a225
362 0 _a1998
440 1 _aCompanhia das Letras
697 _aLITERATURA GERAL ESTRANGEIRA
942 _cBK
999 _c183113
_d183113